000 00520cam a2200205 4500
001 B2754
008 090401t1990 xxu||||| |||| 00| 0 eng d
035 _a(Sirsi) u51928
041 _aeng
050 _a333.3370942276
110 _aChesterton
_92357
245 _aSouthampton business space brief 1989/90
260 _aLondon
_bChesterton
_c1990
300 _a1 folded sheet (6p.) : ill.,map ; 30cm.
350 _a1.5
650 _aINDUSTRIAL PROPERTY
650 _aOFFICES
942 _n0
948 _c04/03/1997
999 _c92971
_d92971